Margret & H.A. Rey's Curious George and the birthday surprise / (Record no. 5862)

MARC details
000 -LEADER
fixed length control field 01275cam a22003617a 4500
001 - CONTROL NUMBER
control field 5862
003 - CONTROL NUMBER IDENTIFIER
control field FISKH
005 - DATE AND TIME OF LATEST TRANSACTION
control field 20250808150409.0
008 - FIXED-LENGTH DATA ELEMENTS--GENERAL INFORMATION
fixed length control field 040120s2003 maua b 000 1 eng d
010 ## - LIBRARY OF CONGRESS CONTROL NUMBER
LC control number 2004296085
020 ## - INTERNATIONAL STANDARD BOOK NUMBER
International Standard Book Number 9781406300376
040 ## - CATALOGING SOURCE
Original cataloging agency ORX
Transcribing agency ORX
Modifying agency OCLCQ
-- LEO
-- DLC
Language of cataloging eng
050 ## - LIBRARY OF CONGRESS CALL NUMBER
Classification number PZ7.M335827
082 ## - DEWEY DECIMAL CLASSIFICATION NUMBER
Classification number 813
100 ## - MAIN ENTRY--PERSONAL NAME
Personal name Rey, H. A.
245 00 - TITLE STATEMENT
Title Margret & H.A. Rey's Curious George and the birthday surprise /
Statement of responsibility, etc. illustrated in the style of H.A. Rey by Martha Weston.
260 ## - PUBLICATION, DISTRIBUTION, ETC.
Place of publication, distribution, etc. Boston :
Name of publisher, distributor, etc. Houghton Mifflin,
Date of publication, distribution, etc. 2003.
300 ## - PHYSICAL DESCRIPTION
Extent 24 pages :
Other physical details color illustrations ;
Dimensions 21 cm
505 ## - FORMATTED CONTENTS NOTE
Formatted contents note J<br/>
520 ## - SUMMARY, ETC.
Summary, etc. When the man with the yellow hat tells George that he is planning a surprise, the curious chimp finds a hat, noisemakers, decorations, and games and sees that it must be a birthday, but whose?
521 8# - TARGET AUDIENCE NOTE
Target audience note 490<br/>
Source Lexile<br/><br/>
521 8# - TARGET AUDIENCE NOTE
Target audience note J<br/>
Source Raz-Plus<br/>
650 #0 - SUBJECT ADDED ENTRY--TOPICAL TERM
Topical term or geographic name entry element Birthdays
Form subdivision Juvenile fiction.
650 #0 - SUBJECT ADDED ENTRY--TOPICAL TERM
Topical term or geographic name entry element Monkeys
Form subdivision Juvenile fiction.
650 #1 - SUBJECT ADDED ENTRY--TOPICAL TERM
Topical term or geographic name entry element Birthdays
Form subdivision Fiction.
650 #1 - SUBJECT ADDED ENTRY--TOPICAL TERM
Topical term or geographic name entry element Monkeys
Form subdivision Fiction.
650 #1 - SUBJECT ADDED ENTRY--TOPICAL TERM
Topical term or geographic name entry element Humorous stories.
700 1# - ADDED ENTRY--PERSONAL NAME
Personal name Rey, Margret.
Relator term Author
700 1# - ADDED ENTRY--PERSONAL NAME
Personal name Weston, Martha,
Relator term illustrator
906 ## - LOCAL DATA ELEMENT F, LDF (RLIN)
a 7
b cbc
c copycat
d 2
e ncip
f 20
g y-gencatlg
942 ## - ADDED ENTRY ELEMENTS (KOHA)
Source of classification or shelving scheme Dewey Decimal Classification
Koha item type Books
Suppress in OPAC No
Holdings
Withdrawn status Lost status Source of classification or shelving scheme Damaged status Not for loan Collection Home library Current library Shelving location Date acquired Total Checkouts Full call number Barcode Date last seen Date last checked out Price effective from Koha item type Copy number
    Dewey Decimal Classification     Juvenile Fiction Footprints International School Library Network Toul Kork Campus Footprints International School Library Network Toul Kork Campus TK Primary Library Room(4th Floor), Bookcase 1&2, Shelves 1-16, Dark Blue Books 01/27/2025 1 REY 813 PZ7.M335827 FISTK01528 10/16/2025 10/09/2025 01/27/2025 Books  
    Dewey Decimal Classification     Juvenile Fiction Footprints International School Library Network Toul Tom Poung Campus Footprints International School Library Network Toul Tom Poung Campus TTP Primary Dark Blue Bookshelves 08/08/2025   REY 813 PZ7.M335827 FIS02921 08/08/2025   08/08/2025 Books 2